Thương mại và đầu tư trong tam giác phát triển Việt Nam - Lào - Campuchia /

Kaydedildi:
Detaylı Bibliyografya
Yazar: Nguyễn Văn Hà, ThS.
Materyal Türü: Makale
Dil:Vietnamese
Konular:
Etiketler: Etiketle
Etiket eklenmemiş, İlk siz ekleyin!
Thư viện lưu trữ: Thư viện Trường Đại học Đà Lạt
LEADER 00809nam a2200265 4500
001 DLU110126880
005 ##20111018
040 # # |a DLU  |b vie 
041 # # |a vie 
044 # # |a vn 
100 # # |a Nguyễn Văn Hà,   |c ThS. 
245 # # |a Thương mại và đầu tư trong tam giác phát triển Việt Nam - Lào - Campuchia /  |c Nguyễn Văn Hà. 
653 # # |a Khu vực tam giác 
653 # # |a Quan hệ kinh tế 
653 # # |a Thương mại tự do 
773 # # |t Nghiên cứu Đông Nam Á  |g Số 11, 2009, tr. 17-24 
920 # # |a Phòng Tạp chí -- Trung tâm Thông tin - Thư viện Trường Đại học Đà Lạt 
994 # # |a DLU 
900 # # |a True 
911 # # |a Nguyễn Thị Linh Chi 
925 # # |a G 
926 # # |a A 
927 # # |a BB 
980 # # |a Thư viện Trường Đại học Đà Lạt